Shopping Malaysia guidebook.
| Format: | Book |
|---|---|
| Published: |
Putrajaya:
Tourism Malaysia,
2014.
|
| Subjects: |
| LEADER | 00440cam a2200133 7i4500 | ||
|---|---|---|---|
| 001 | 0000031763 | ||
| 005 | 20141003090000.0 | ||
| 090 | 0 | 0 | |a M 381.1025 |b SHO |
| 245 | 0 | 0 | |a Shopping Malaysia guidebook. |
| 260 | 0 | 0 | |a Putrajaya: |b Tourism Malaysia, |c 2014. |
| 300 | # | # | |a 99 p. |
| 650 | 0 | 0 | |a Shopping centres -- |x Directories -- |z Malaysia |
| 650 | 0 | 0 | |a Stores, Retail -- |x Directories -- |z Malaysia |
| 999 | |a 0000034774 |b Directories |c Malaysia |e Business Information Centre | ||